Reading Pathways (Record no. 24713)

MARC details
000 -LEADER
fixed length control field 00609nam a22002057a 4500
003 - CONTROL NUMBER IDENTIFIER
control field OSt
005 - DATE AND TIME OF LATEST TRANSACTION
control field 20260618113904.0
008 - FIXED-LENGTH DATA ELEMENTS--GENERAL INFORMATION
fixed length control field 260618b |||||||| |||| 00| 0 eng d
020 ## - INTERNATIONAL STANDARD BOOK NUMBER
International Standard Book Number 9780325077420
040 ## - CATALOGING SOURCE
Transcribing agency Chuka University
050 ## - LIBRARY OF CONGRESS CALL NUMBER
Classification number LB 1573 .C35 2015
100 ## - MAIN ENTRY--PERSONAL NAME
Personal name Calkins Lucy
9 (RLIN) 27666
245 ## - TITLE STATEMENT
Title Reading Pathways
Remainder of title Performance assessments and learning progressions
260 ## - PUBLICATION, DISTRIBUTION, ETC.
Place of publication, distribution, etc. Portsmouth
Name of publisher, distributor, etc. Heinemann
Date of publication, distribution, etc. 2015
300 ## - PHYSICAL DESCRIPTION
Extent iv;236pp
650 ## - SUBJECT ADDED ENTRY--TOPICAL TERM
Topical term or geographic name entry element Reading (elementary)
650 ## - SUBJECT ADDED ENTRY--TOPICAL TERM
Topical term or geographic name entry element Reading--ability testing
9 (RLIN) 27305
650 ## - SUBJECT ADDED ENTRY--TOPICAL TERM
Topical term or geographic name entry element Educational tests and measurements
9 (RLIN) 11401
942 ## - ADDED ENTRY ELEMENTS (KOHA)
Source of classification or shelving scheme Library of Congress Classification
Koha item type Long Loan Books
Suppress in OPAC No
Holdings
Withdrawn status Lost status Source of classification or shelving scheme Damaged status Not for loan Collection Home library Current library Shelving location Date acquired Source of acquisition Cost, normal purchase price Total Checkouts Full call number Barcode Date last seen Copy number Price effective from Koha item type
    Library of Congress Classification     General Collection Books Main Campus Library Main Campus Library General Stacks 18/06/2026 Donations from books for Africa 515.13   LB 1573 .C35 2015 35300/2026 18/06/2026 3 18/06/2026 Long Loan Books
    Library of Congress Classification     General Collection Books Main Campus Library Main Campus Library General Stacks 18/06/2026 Donation from Books for Africa 515.13   LB 1573 .C35 2015 35299/2026 18/06/2026 1 18/06/2026 Long Loan Books
    Library of Congress Classification     General Collection Books Main Campus Library Main Campus Library General Stacks 18/06/2026 Donation from Books for Africa 515.13   LB 1573 .C35 2015 35308/2026 18/06/2026 10 18/06/2026 Long Loan Books
    Library of Congress Classification     General Collection Books Main Campus Library Main Campus Library General Stacks 18/06/2026 Donation from Books for Africa 515.13   LB 1573 .C35 2015 35307/2026 18/06/2026 9 18/06/2026 Long Loan Books
    Library of Congress Classification     General Collection Books Main Campus Library Main Campus Library General Stacks 18/06/2026 Donation from Books for Africa 515.13   LB 1573 .C35 2015 35306/2026 18/06/2026 8 18/06/2026 Long Loan Books
    Library of Congress Classification     General Collection Books Main Campus Library Main Campus Library General Stacks 18/06/2026 Donation from Books for Africa 515.13   LB 1573 .C35 2015 35305/2026 18/06/2026 2 18/06/2026 Long Loan Books
    Library of Congress Classification     General Collection Books Main Campus Library Main Campus Library General Stacks 18/06/2026 Donation from Books for Africa 515.13   LB 1573 .C35 2015 35304/2026 18/06/2026 7 18/06/2026 Long Loan Books
    Library of Congress Classification     General Collection Books Main Campus Library Main Campus Library General Stacks 18/06/2026 Donation from Books for Africa 515.13   LB 1573 .C35 2015 35303/2026 18/06/2026 6 18/06/2026 Long Loan Books
    Library of Congress Classification     General Collection Books Main Campus Library Main Campus Library General Stacks 18/06/2026 Donation from Books for Africa 515.13   LB 1573 .C35 2015 35302/2026 18/06/2026 5 18/06/2026 Long Loan Books
    Library of Congress Classification     General Collection Books Main Campus Library Main Campus Library Fiction 18/06/2026 Donation from Books for Africa 515.13   LB 1573 .C35 2015 35301/2026 18/06/2026 4 18/06/2026 Long Loan Books

Powered by Koha